[Event "American op"]
[Site "Orange USA"]
[Date "2022.11.27"]
[Round "9.4"]
[White "Preotu, Razvan"]
[Black "Bryant, John Daniel"]
[Result "0-1"]
[WhiteElo "2493"]
[BlackElo "2407"]
[WhiteFideId "-1"]
[WhiteFideId "-1"]
[PlyCount "117"]
[GameId "2129404714823115"]
[EventDate "2022.11.22"]
[EventType "swiss"]
[EventRounds "9"]
[EventCountry "USA"]
[SourceTitle "10 Days #706"]
[Source "ChessMix"]
[SourceDate "2022.12.01"]
[SourceVersion "1"]
[SourceVersionDate "2022.12.01"]
[SourceQuality "1"]

{[%evp 0,61,28,30,30,19,17,13,15,18,8,6,7,8,-3,-39,-10,-41,-23,-29,-6,-11,-10,15,35,29,29,43,45,37,18,20,14,23,25,18,31,29,37,22,38,35,30,18,36,43,35,22,18,33,43,10,2,0,0,-18,0,-31,-10,0,0,0,0,-10]} 1. e4 e5 2. Nf3 Nc6 3. Bb5 Nf6 4. d3 d6 5. O-O Be7 6. Re1 O-O 7. c3 a6 8. Ba4 b5 9. Bc2 Re8 10. Nbd2 d5 11. h3 h6 12. d4 exd4 13. cxd4 dxe4 14. Nxe4 Be6 15. Bf4 Nb4 16. Nxf6+ Bxf6 17. Bb3 Nd5 18. Be5 Bxe5 19. Nxe5 Nf4 20. Bxe6 Nxe6 21. Qf3 Ng5 22. Qf4 f6 23. Nc6 Qd6 24. Qxd6 cxd6 25. f3 Ne6 26. g3 Kf7 27. Kf2 Rac8 28. d5 Nc7 29. Rxe8 Kxe8 30. Re1+ Kf8 31. Ne7 Re8 32. Ng6+ Kf7 33. Rxe8 Kxe8 34. Nh4 Nxd5 35. Nf5 g6 36. Nxd6+ Ke7 37. Ne4 Nb4 38. Nc3 Nd3+ 39. Ke2 Nxb2 40. Nd5+ Kd6 41. Nxf6 Kc5 42. Nd7+ Kd4 43. Nb8 Na4 44. Kd2 Nc5 45. Nc6+ Kc4 46. Kc2 Nd3 47. Kd2 Nb4 48. Na5+ Kd5 49. a3 Nc6 50. Nxc6 Kxc6 51. Kc3 Kc5 52. f4 a5 53. g4 Kd5 54. Kd3 h5 55. gxh5 gxh5 56. h4 b4 57. axb4 axb4 58. Ke3 Ke6 59. Kd4 0-1

[Event "Charlotte Fall GM-A"]
[Site "Charlotte USA"]
[Date "2022.11.18"]
[Round "1.1"]
[White "Tiglon, Bryce"]
[Black "Preotu, Razvan"]
[Result "1-0"]
[WhiteElo "2475"]
[BlackElo "2493"]
[WhiteFideId "-1"]
[WhiteFideId "-1"]
[PlyCount "108"]
[GameId "2130307567574739"]
[EventDate "2022.11.18"]
[EventType "tourn"]
[EventRounds "9"]
[EventCountry "USA"]
[EventCategory "8"]
[SourceTitle "10 Days #706"]
[Source "ChessMix"]
[SourceDate "2022.12.01"]
[SourceVersion "1"]
[SourceVersionDate "2022.12.01"]
[SourceQuality "1"]

1. e4 e6 2. d4 d5 3. Nd2 c5 4. Ngf3 cxd4 5. exd5 Qxd5 6. Bc4 Qd6 7. O-O Nf6 8. Nb3 Nc6 9. Nbxd4 Nxd4 10. Nxd4 Be7 11. c3 O-O 12. Qf3 Qc7 13. Bd3 Rd8 14. Bg5 Bd7 15. Rfe1 Be8 16. Qh3 h6 17. Bxh6 gxh6 18. Qxh6 Rd5 19. Nf5 exf5 20. Qg5+ Kh8 21. Qh4+ Nh7 22. Rxe7 Qd8 23. Rae1 Rxd3 24. Rxe8+ Qxe8 25. Rxe8+ Rxe8 26. g3 Rd1+ 27. Kg2 Rd2 28. Qh5 Ree2 29. Qxf5 Rxf2+ 30. Qxf2 Rxf2+ 31. Kxf2 Kg7 32. Ke3 Kg6 33. Kf4 Nf6 34. c4 Nd7 35. Ke4 Kg5 36. b4 f5+ 37. Ke3 Kf6 38. Kd4 Ke6 39. c5 Nf6 40. h3 a6 41. a4 Nd5 42. b5 a5 43. Kc4 Ke5 44. h4 Ne3+ 45. Kd3 Nf1 46. h5 Nxg3 47. h6 Nh5 48. Kc4 Nf6 49. b6 f4 50. c6 f3 51. Kd3 Kf4 52. cxb7 Nd7 53. b8=Q+ Nxb8 54. h7 f2 1-0

[Event "Charlotte Fall GM-A"]
[Site "Charlotte USA"]
[Date "2022.11.18"]
[Round "2.1"]
[White "Preotu, Razvan"]
[Black "Cordova, Emilio"]
[Result "1-0"]
[WhiteElo "2493"]
[BlackElo "2561"]
[WhiteFideId "-1"]
[WhiteFideId "-1"]
[PlyCount "83"]
[GameId "2130307567574744"]
[EventDate "2022.11.18"]
[EventType "tourn"]
[EventRounds "9"]
[EventCountry "USA"]
[EventCategory "8"]
[SourceTitle "10 Days #706"]
[Source "ChessMix"]
[SourceDate "2022.12.01"]
[SourceVersion "1"]
[SourceVersionDate "2022.12.01"]
[SourceQuality "1"]

1. e4 c5 2. Nf3 Nc6 3. Bb5 e6 4. O-O Nge7 5. Re1 b6 6. b3 Bb7 7. Bb2 a6 8. Bf1 d5 9. exd5 Qxd5 10. Na3 Qh5 11. Nc4 Nd5 12. d4 Rd8 13. Nce5 Nxe5 14. Nxe5 Qxd1 15. Raxd1 cxd4 16. Rxd4 Be7 17. c4 Nf6 18. Rxd8+ Bxd8 19. Nd3 h5 20. c5 a5 21. Rc1 bxc5 22. Nxc5 Bd5 23. Bb5+ Kf8 24. Nd3 Bb7 25. Ne5 h4 26. Bc6 Ba6 27. Rd1 Be7 28. Nd7+ Kg8 29. Nxf6+ Bxf6 30. Bxf6 gxf6 31. Rd8+ Kg7 32. Rxh8 Kxh8 33. a3 f5 34. b4 axb4 35. axb4 f4 36. b5 Bc8 37. b6 Kg7 38. b7 Bxb7 39. Bxb7 f5 40. h3 Kf6 41. Kf1 e5 42. f3 1-0

[Event "Charlotte Fall GM-A"]
[Site "Charlotte USA"]
[Date "2022.11.19"]
[Round "3.1"]
[White "Mardov, Dimitar"]
[Black "Preotu, Razvan"]
[Result "1/2-1/2"]
[WhiteElo "2432"]
[BlackElo "2493"]
[WhiteFideId "-1"]
[WhiteFideId "-1"]
[PlyCount "61"]
[GameId "2130307567574749"]
[EventDate "2022.11.18"]
[EventType "tourn"]
[EventRounds "9"]
[EventCountry "USA"]
[EventCategory "8"]
[SourceTitle "10 Days #706"]
[Source "ChessMix"]
[SourceDate "2022.12.01"]
[SourceVersion "1"]
[SourceVersionDate "2022.12.01"]
[SourceQuality "1"]

1. e4 e6 2. d4 d5 3. Nc3 Nf6 4. e5 Nfd7 5. f4 c5 6. Nf3 Nc6 7. Be3 cxd4 8. Nxd4 Qb6 9. Qd2 Qxb2 10. Rb1 Qa3 11. Bb5 Nxd4 12. Bxd4 a6 13. Bxd7+ Bxd7 14. Rb3 Qe7 15. Rxb7 Qh4+ 16. Qf2 Qxf2+ 17. Kxf2 Be7 18. Rhb1 Bd8 19. Rb8 Rxb8 20. Rxb8 O-O 21. Ke3 Ba5 22. Rb7 Bc6 23. Ra7 Ra8 24. Rxa8+ Bxa8 25. Na4 Bc6 26. Nc5 Bb5 27. c3 Bc7 28. Nb7 Bc6 29. Nc5 a5 30. g4 Kf8 31. f5 1/2-1/2

[Event "Charlotte Fall GM-A"]
[Site "Charlotte USA"]
[Date "2022.11.19"]
[Round "4.1"]
[White "Preotu, Razvan"]
[Black "Siddharth, Jagadeesh"]
[Result "1-0"]
[WhiteElo "2493"]
[BlackElo "2407"]
[WhiteFideId "-1"]
[WhiteFideId "-1"]
[PlyCount "71"]
[GameId "2130307567574754"]
[EventDate "2022.11.18"]
[EventType "tourn"]
[EventRounds "9"]
[EventCountry "USA"]
[EventCategory "8"]
[SourceTitle "10 Days #706"]
[Source "ChessMix"]
[SourceDate "2022.12.01"]
[SourceVersion "1"]
[SourceVersionDate "2022.12.01"]
[SourceQuality "1"]

1. e4 e5 2. Nf3 Nf6 3. Nxe5 d6 4. Nf3 Nxe4 5. d4 d5 6. Bd3 Bd6 7. O-O O-O 8. c4 c6 9. Re1 Bf5 10. Qb3 Qd7 11. c5 Bc7 12. Nbd2 Be6 13. Nf1 h6 14. Ng3 f5 15. Bd2 f4 16. Nxe4 dxe4 17. Qxb7 exf3 18. Rxe6 Qxe6 19. Qxc7 Nd7 20. Bxf4 Rac8 21. Qd6 Qf7 22. Bg3 Nf6 23. Bf5 Ne8 24. Qe6 Rd8 25. Be5 Qxe6 26. Bxe6+ Kh8 27. b4 Nf6 28. a4 Rfe8 29. Bf5 Nd5 30. b5 cxb5 31. axb5 Nc3 32. gxf3 Nxb5 33. Ra4 Rd5 34. c6 Nxd4 35. Rxd4 Rdxe5 36. Re4 1-0

[Event "Charlotte Fall GM-A"]
[Site "Charlotte USA"]
[Date "2022.11.20"]
[Round "5.1"]
[White "Kaliksteyn, Alexander"]
[Black "Preotu, Razvan"]
[Result "0-1"]
[WhiteElo "2389"]
[BlackElo "2493"]
[WhiteFideId "-1"]
[WhiteFideId "-1"]
[PlyCount "88"]
[GameId "2130307567574759"]
[EventDate "2022.11.18"]
[EventType "tourn"]
[EventRounds "9"]
[EventCountry "USA"]
[EventCategory "8"]
[SourceTitle "10 Days #706"]
[Source "ChessMix"]
[SourceDate "2022.12.01"]
[SourceVersion "1"]
[SourceVersionDate "2022.12.01"]
[SourceQuality "1"]

1. d4 Nf6 2. Nf3 g6 3. Bf4 Bg7 4. e3 d6 5. h3 O-O 6. Be2 Nfd7 7. O-O e5 8. Bh2 Nc6 9. a4 a5 10. Nc3 f5 11. Nb5 Kh8 12. Ra3 exd4 13. exd4 Nf6 14. Re1 Be6 15. Re3 Bg8 16. Bf1 Bh6 17. c4 Bxe3 18. Rxe3 Nb4 19. d5 Qd7 20. Bf4 Qg7 21. Re2 h6 22. Qd2 g5 23. Be3 Rad8 24. b3 c6 25. dxc6 bxc6 26. Nxd6 Ne4 27. Nxe4 Rxd2 28. Nexd2 Qd7 29. Ne5 Qd6 30. Ndf3 Rd8 31. Bb6 c5 32. Bxd8 Qxd8 33. Ng6+ Kg7 34. Rd2 Qc7 35. Nfe5 Be6 36. h4 Nc6 37. Nxc6 Kxg6 38. h5+ Kf6 39. Nd8 Bd7 40. g4 Qxd8 41. Rd6+ Ke7 42. Rxh6 fxg4 43. Rh7+ Kf6 44. Rh6+ Ke5 0-1

[Event "Charlotte Fall GM-A"]
[Site "Charlotte USA"]
[Date "2022.11.20"]
[Round "6.1"]
[White "Preotu, Razvan"]
[Black "Shmeliov, Denis"]
[Result "1-0"]
[WhiteElo "2493"]
[BlackElo "2415"]
[WhiteFideId "-1"]
[WhiteFideId "-1"]
[PlyCount "63"]
[GameId "2130307567574764"]
[EventDate "2022.11.18"]
[EventType "tourn"]
[EventRounds "9"]
[EventCountry "USA"]
[EventCategory "8"]
[SourceTitle "10 Days #706"]
[Source "ChessMix"]
[SourceDate "2022.12.01"]
[SourceVersion "1"]
[SourceVersionDate "2022.12.01"]
[SourceQuality "1"]

1. e4 c5 2. Nf3 d6 3. d4 cxd4 4. Nxd4 Nf6 5. Nc3 a6 6. Rg1 e5 7. Nb3 h5 8. Bg5 Be7 9. Qd3 Be6 10. Bxf6 Bxf6 11. O-O-O Be7 12. g3 Qb6 13. Rg2 Nc6 14. f4 Rc8 15. Kb1 exf4 16. gxf4 Bf6 17. Nd5 Bxd5 18. Qxd5 Rd8 19. a3 h4 20. Bc4 Qc7 21. Nd2 b5 22. Ba2 h3 23. Rg3 Nd4 24. c3 Ne6 25. Qf5 Qe7 26. Nf3 g6 27. Qg4 Nc5 28. Bd5 a5 29. e5 dxe5 30. fxe5 Bg7 31. Ng5 Rf8 32. Bc6+ 1-0

[Event "Charlotte Fall GM-A"]
[Site "Charlotte USA"]
[Date "2022.11.21"]
[Round "7.1"]
[White "Fus, Jakub"]
[Black "Preotu, Razvan"]
[Result "1-0"]
[WhiteElo "2427"]
[BlackElo "2493"]
[WhiteFideId "-1"]
[WhiteFideId "-1"]
[PlyCount "167"]
[GameId "2130307567574769"]
[EventDate "2022.11.18"]
[EventType "tourn"]
[EventRounds "9"]
[EventCountry "USA"]
[EventCategory "8"]
[SourceTitle "10 Days #706"]
[Source "ChessMix"]
[SourceDate "2022.12.01"]
[SourceVersion "1"]
[SourceVersionDate "2022.12.01"]
[SourceQuality "1"]

1. d4 Nf6 2. Nf3 g6 3. Nbd2 d5 4. e3 Bg7 5. b4 a5 6. b5 c5 7. bxc6 Nxc6 8. Be2 O-O 9. O-O Bf5 10. c4 Rb8 11. Bb2 dxc4 12. Nxc4 b5 13. Nce5 Na7 14. a4 b4 15. Bc4 Ne4 16. Qe2 Rb6 17. Rac1 Be6 18. Bd3 Bd5 19. Nc4 Rb8 20. Nfe5 Rc8 21. f3 Nd6 22. Nxd6 exd6 23. Nc4 Nc6 24. Qf2 f5 25. Rfe1 Kh8 26. Kh1 Bg8 27. Bf1 Ne7 28. Qg3 Rc6 29. Nd2 Rxc1 30. Rxc1 Nd5 31. e4 Bh6 32. Qe1 fxe4 33. fxe4 Nc3 34. Ra1 d5 35. Bd3 Bxd2 36. Qxd2 dxe4 37. Bc2 Qf6 38. h3 Bd5 39. Bxc3 bxc3 40. Qxc3 Qf2 41. Qxa5 Qf5 42. Qe1 Qg5 43. Kh2 e3 44. Qg3 Qe7 45. Bd3 Rf2 46. Bf1 Kg7 47. Re1 Qf6 48. Qxe3 Rxf1 49. Rxf1 Qxf1 50. Qe5+ Qf6 51. Qxd5 Qf4+ 52. Kg1 Qe3+ 53. Kh1 Qc1+ 54. Kh2 Qf4+ 55. g3 Qf2+ 56. Qg2 Qxd4 57. Qa2 Qb6 58. a5 Qa6 59. h4 h5 60. Qb2+ Kh7 61. Qd2 Qb5 62. Kg2 Qc6+ 63. Kf2 Qc5+ 64. Kf3 Qc6+ 65. Ke3 Qc5+ 66. Ke4 Qe7+ 67. Kf3 Qb7+ 68. Kf2 Qb5 69. Qc3 Qf5+ 70. Ke2 Qe4+ 71. Kd2 Qd5+ 72. Kc1 Qb5 73. Qc7+ Kh6 74. Kc2 Qa4+ 75. Kd3 Qd1+ 76. Ke4 Qe2+ 77. Kd5 Qf3+ 78. Ke6 Qb3+ 79. Ke7 Qb4+ 80. Kf7 Qb3+ 81. Kf8 Qb4+ 82. Kg8 Qb3+ 83. Qf7 Qe6 84. a6 1-0

[Event "Charlotte Fall GM-A"]
[Site "Charlotte USA"]
[Date "2022.11.21"]
[Round "8.1"]
[White "Preotu, Razvan"]
[Black "Mulyar, Michael"]
[Result "1/2-1/2"]
[WhiteElo "2493"]
[BlackElo "2355"]
[WhiteFideId "-1"]
[WhiteFideId "-1"]
[PlyCount "116"]
[GameId "2130307567574774"]
[EventDate "2022.11.18"]
[EventType "tourn"]
[EventRounds "9"]
[EventCountry "USA"]
[EventCategory "8"]
[SourceTitle "10 Days #706"]
[Source "ChessMix"]
[SourceDate "2022.12.01"]
[SourceVersion "1"]
[SourceVersionDate "2022.12.01"]
[SourceQuality "1"]

1. e4 e5 2. Nf3 Nc6 3. Bc4 Bc5 4. c3 Nf6 5. d3 d6 6. O-O a6 7. a4 Ba7 8. Re1 h6 9. Nbd2 O-O 10. h3 Re8 11. b4 Be6 12. Bxe6 Rxe6 13. Qc2 Qd7 14. Rb1 b5 15. Ra1 Rae8 16. Nb3 Bb6 17. Bd2 Nh5 18. Nh4 Rf6 19. Be3 Nf4 20. Kh2 d5 21. a5 Bxe3 22. fxe3 Ne6 23. exd5 Qxd5 24. e4 Qd8 25. Nf5 Ne7 26. Ne3 Qd6 27. Ng4 Rg6 28. Rf1 Rf8 29. Ne3 c5 30. Nf5 Qc7 31. Nh4 Rg5 32. Nxc5 Nxc5 33. bxc5 Qxc5 34. Qb3 Nc8 35. Nf3 Rg6 36. d4 exd4 37. cxd4 Qc7+ 38. Ne5 Rc6 39. Rf3 Rc4 40. Qe3 f6 41. Qf4 Rxd4 42. Rc1 Qxe5 43. Qxe5 fxe5 44. Rxf8+ Kxf8 45. Rxc8+ Ke7 46. Rc7+ Rd7 47. Rc6 Rd6 48. Rc7+ Rd7 49. Rc6 Rd6 50. Rc7+ Kf6 51. Rb7 g6 52. h4 h5 53. Kh3 Rd3+ 54. g3 Rd6 55. Kg2 Ke6 56. Rg7 Kf6 57. Rb7 Ke6 58. Rg7 Kf6 1/2-1/2

[Event "USA-ch Collegiate Finals"]
[Site "Richardson USA"]
[Date "2022.10.22"]
[Round "1"]
[White "Sorokin, Aleksey"]
[Black "Preotu, Razvan"]
[Result "1/2-1/2"]
[WhiteElo "2538"]
[BlackElo "2461"]
[WhiteFideId "-1"]
[WhiteFideId "-1"]
[PlyCount "64"]
[GameId "2130307568893648"]
[EventDate "2022.10.22"]
[EventType "swiss"]
[EventRounds "4"]
[EventCountry "USA"]
[SourceTitle "10 Days #704"]
[Source "ChessMix"]
[SourceDate "2022.11.10"]
[SourceVersion "1"]
[SourceVersionDate "2022.11.10"]
[SourceQuality "1"]

1. e4 e6 2. d4 d5 3. Nc3 Nf6 4. e5 Nfd7 5. f4 c5 6. Nf3 Nc6 7. Be3 cxd4 8. Nxd4 Qb6 9. Qd2 Qxb2 10. Rb1 Qa3 11. Bb5 Nxd4 12. Bxd4 a6 13. Bxd7+ Bxd7 14. Rb3 Qe7 15. Rxb7 Qh4+ 16. g3 Qd8 17. O-O Qc8 18. Rfb1 Bc5 19. f5 Bb5 20. Nxb5 axb5 21. R1xb5 Bxd4+ 22. Qxd4 O-O 23. fxe6 fxe6 24. Qg4 Rf7 25. Qb4 Rxb7 26. Rxb7 Qxc2 27. Rxg7+ Kxg7 28. Qe7+ Kg8 29. Qxe6+ Kh8 30. Qf6+ Kg8 31. Qe6+ Kh8 32. Qf6+ Kg8 1/2-1/2

[Event "USA-ch Collegiate Finals"]
[Site "Richardson USA"]
[Date "2022.10.23"]
[Round "3"]
[White "Dragun, Kamil"]
[Black "Preotu, Razvan"]
[Result "0-1"]
[WhiteElo "2554"]
[BlackElo "2461"]
[WhiteFideId "-1"]
[WhiteFideId "-1"]
[PlyCount "62"]
[GameId "2130307568893662"]
[EventDate "2022.10.22"]
[EventType "swiss"]
[EventRounds "4"]
[EventCountry "USA"]
[SourceTitle "10 Days #704"]
[Source "ChessMix"]
[SourceDate "2022.11.10"]
[SourceVersion "1"]
[SourceVersionDate "2022.11.10"]
[SourceQuality "1"]

1. Nf3 Nf6 2. c4 c5 3. Nc3 d5 4. cxd5 Nxd5 5. e3 e6 6. Bc4 Nxc3 7. bxc3 Qc7 8. O-O Bd6 9. Qe2 O-O 10. d4 b6 11. e4 Bb7 12. Bd3 Nc6 13. Bb2 Rac8 14. Rfe1 Rfd8 15. a3 h6 16. Rad1 Na5 17. e5 Bf8 18. Nd2 cxd4 19. cxd4 Qc6 20. f4 Qa4 21. Qe3 Nc6 22. Nf3 Ne7 23. Bb1 Nd5 24. Qd3 g6 25. f5 exf5 26. e6 fxe6 27. Ne5 Nf4 28. Qd2 Nxg2 29. Rf1 Qb3 30. Qf2 Qd5 31. Qg3 g5 0-1

[Event "USA-ch Collegiate Finals"]
[Site "Richardson USA"]
[Date "2022.10.23"]
[Round "4"]
[White "Preotu, Razvan"]
[Black "Wang, Tianqi"]
[Result "1-0"]
[WhiteElo "2461"]
[BlackElo "2431"]
[WhiteFideId "-1"]
[WhiteFideId "-1"]
[PlyCount "75"]
[GameId "2130307568893680"]
[EventDate "2022.10.22"]
[EventType "swiss"]
[EventRounds "4"]
[EventCountry "USA"]
[SourceTitle "10 Days #704"]
[Source "ChessMix"]
[SourceDate "2022.11.10"]
[SourceVersion "1"]
[SourceVersionDate "2022.11.10"]
[SourceQuality "1"]

1. e4 d5 2. exd5 Qxd5 3. Nc3 Qa5 4. d4 Nf6 5. Nf3 Bf5 6. Ne5 c6 7. Bf4 Nbd7 8. Nc4 Qd8 9. a4 g6 10. Be2 Bg7 11. a5 O-O 12. Ne3 Be6 13. Bf3 Nb8 14. O-O Na6 15. d5 Nxd5 16. Nexd5 cxd5 17. Nxd5 Rc8 18. Ne3 Nc5 19. b4 Bxa1 20. Qxa1 Nd7 21. Bxb7 Nf6 22. Rd1 Qe8 23. Bxc8 Qxc8 24. Qd4 Qb7 25. Bh6 Re8 26. h3 a6 27. Ng4 Nh5 28. Ne5 f6 29. Nd3 Bf7 30. Nc5 Qb5 31. c3 g5 32. g3 e5 33. Qg4 Ng7 34. Ne4 Re6 35. Rd8+ Ne8 36. Qxe6 Bxe6 37. Nd6 Qd7 38. Rxe8+ 1-0

[Event "Titled Tuesday 2022.10.11 Late"]
[Site "chess.com INT"]
[Date "2022.10.11"]
[Round "2"]
[White "Weber, Samuel"]
[Black "Preotu, Razvan"]
[Result "0-1"]
[WhiteElo "2190"]
[BlackElo "2461"]
[WhiteFideId "-1"]
[WhiteFideId "-1"]
[PlyCount "86"]
[GameId "2130307569440018"]
[EventDate "2022.10.11"]
[EventType "swiss (blitz)"]
[EventRounds "11"]
[EventCountry "NET"]
[SourceTitle "The Week in Chess 1458"]
[Source "Mark Crowther"]
[SourceDate "2022.10.17"]
[SourceVersion "1"]
[SourceVersionDate "2022.10.17"]
[SourceQuality "2"]

1. e4 c5 2. Nf3 d6 3. Bb5+ Nd7 4. a4 Ngf6 5. Nc3 g6 6. O-O Bg7 7. d4 cxd4 8. Nxd4 O-O 9. Be3 Nc5 10. f3 Qc7 11. Be2 a6 12. Qd2 Rd8 13. b4 Ncd7 14. Rfc1 Ne5 15. Nd5 Nxd5 16. exd5 Nc4 17. Bxc4 Qxc4 18. Ra3 Qxd5 19. c4 Qh5 20. Ne2 Qf5 21. Bb6 Re8 22. Rd3 h5 23. Rd5 Qd7 24. Nf4 Qxa4 25. Nxh5 gxh5 26. Rxh5 Qc6 27. Bd4 e5 28. Be3 d5 29. Bh6 Qg6 30. Bxg7 Qxh5 31. Bh6 d4 32. Re1 Qg6 33. Re4 Bf5 34. Rh4 f6 35. g4 Re7 36. Kh1 Rh7 37. gxf5 Qxf5 38. Rg4+ Kf7 39. c5 Qxf3+ 40. Rg2 Qf1+ 41. Rg1 Qf3+ 42. Rg2 Qd5 43. Be3 Rg8 0-1

[Event "Titled Tuesday 2022.10.04 Late"]
[Site "Chess.com INT"]
[Date "2022.10.04"]
[Round "2"]
[White "Preotu, Razvan"]
[Black "Storey, Charles"]
[Result "1-0"]
[WhiteElo "2461"]
[BlackElo "2138"]
[WhiteFideId "-1"]
[WhiteFideId "-1"]
[PlyCount "31"]
[GameId "1834363229986816"]
[EventDate "2022.10.04"]
[EventType "swiss (blitz)"]
[EventRounds "11"]
[EventCountry "NET"]
[SourceTitle "EXT 2023"]
[Source "ChessBase"]
[SourceDate "2022.10.05"]
[SourceVersion "1"]
[SourceVersionDate "2022.10.05"]
[SourceQuality "1"]

1. e4 g6 2. d4 Bg7 3. Nc3 c5 4. dxc5 Bxc3+ 5. bxc3 Nf6 6. Qd4 Nc6 7. Qa4 O-O 8. Nf3 b6 9. e5 Nd5 10. Qe4 Nc7 11. h4 Bb7 12. h5 bxc5 13. Qh4 e6 14. Bg5 f6 15. hxg6 Qe7 16. exf6 1-0

[Event "Titled Tuesday 2022.10.04 Late"]
[Site "Chess.com INT"]
[Date "2022.10.04"]
[Round "4"]
[White "Preotu, Razvan"]
[Black "Golubev, Mikhail"]
[Result "0-1"]
[WhiteElo "2461"]
[BlackElo "2461"]
[WhiteFideId "-1"]
[WhiteFideId "-1"]
[PlyCount "62"]
[GameId "1834363233042432"]
[EventDate "2022.10.04"]
[EventType "swiss (blitz)"]
[EventRounds "11"]
[EventCountry "NET"]
[SourceTitle "EXT 2023"]
[Source "ChessBase"]
[SourceDate "2022.10.05"]
[SourceVersion "1"]
[SourceVersionDate "2022.10.05"]
[SourceQuality "1"]

1. e4 c5 2. Nf3 d6 3. d4 Nf6 4. Nc3 cxd4 5. Nxd4 g6 6. Be3 Bg7 7. f3 a6 8. Bc4 Nbd7 9. Qd2 Qc7 10. Bb3 b5 11. Bh6 Bxh6 12. Qxh6 Bb7 13. O-O-O Nc5 14. Kb1 Nxb3 15. axb3 b4 16. Na4 Rc8 17. Rd2 d5 18. exd5 Bxd5 19. Re1 e6 20. Qg7 Ke7 21. Nxe6 Bxe6 22. Rxe6+ Kxe6 23. Re2+ Kf5 24. g4+ Kg5 25. h4+ Kxh4 26. Qxf6+ Kg3 27. Qd4 Rhe8 28. Qf2+ Kh3 29. Qg2+ Kh4 30. Rf2 Re1+ 31. Ka2 Qg3 0-1

[Event "Titled Tuesday 2022.10.04 Late"]
[Site "Chess.com INT"]
[Date "2022.10.04"]
[Round "5"]
[White "Khandelwal, Ankush"]
[Black "Preotu, Razvan"]
[Result "0-1"]
[WhiteElo "2228"]
[BlackElo "2461"]
[WhiteFideId "-1"]
[WhiteFideId "-1"]
[PlyCount "64"]
[GameId "1834363233796096"]
[EventDate "2022.10.04"]
[EventType "swiss (blitz)"]
[EventRounds "11"]
[EventCountry "NET"]
[SourceTitle "EXT 2023"]
[Source "ChessBase"]
[SourceDate "2022.10.05"]
[SourceVersion "1"]
[SourceVersionDate "2022.10.05"]
[SourceQuality "1"]

1. e4 c5 2. Nf3 d6 3. d4 cxd4 4. Nxd4 Nf6 5. Nc3 a6 6. f3 e5 7. Nb3 Be6 8. Be3 h5 9. Qd2 Nbd7 10. O-O-O Be7 11. Kb1 Rc8 12. Nd5 Nxd5 13. exd5 Bf5 14. Bd3 Bxd3 15. Qxd3 Bg5 16. Bf2 O-O 17. h4 Bh6 18. g4 hxg4 19. fxg4 Bf4 20. Bg3 e4 21. Qxe4 Bxg3 22. h5 Qg5 23. h6 g6 24. Nd4 Rfe8 25. h7+ Kh8 26. Qf3 Qf4 27. Qg2 Qf2 28. Qh3 Re3 29. Rhf1 Be5 30. Qh6 Qg3 31. Rxf7 Bxd4 32. Rxd7 Qxg4 0-1

[Event "Titled Tuesday 2022.10.04 Late"]
[Site "Chess.com INT"]
[Date "2022.10.04"]
[Round "6"]
[White "Preotu, Razvan"]
[Black "Noboa Silva, Kevin Omar"]
[Result "1/2-1/2"]
[WhiteElo "2461"]
[BlackElo "2278"]
[WhiteFideId "-1"]
[WhiteFideId "-1"]
[PlyCount "88"]
[GameId "1834363234660352"]
[EventDate "2022.10.04"]
[EventType "swiss (blitz)"]
[EventRounds "11"]
[EventCountry "NET"]
[SourceTitle "EXT 2023"]
[Source "ChessBase"]
[SourceDate "2022.10.05"]
[SourceVersion "1"]
[SourceVersionDate "2022.10.05"]
[SourceQuality "1"]

1. e4 e6 2. d4 d5 3. Nc3 Nf6 4. e5 Nfd7 5. f4 c5 6. Nf3 Nc6 7. Be3 cxd4 8. Nxd4 Bc5 9. Qd2 O-O 10. O-O-O Nxd4 11. Bxd4 a6 12. Qe3 Qc7 13. Bd3 Bxd4 14. Qxd4 b5 15. Rhe1 Rb8 16. Re3 Qc5 17. Ne2 b4 18. f5 exf5 19. Bxf5 Qxd4 20. Nxd4 Nc5 21. Bxc8 Rbxc8 22. Nf5 Rc7 23. Rxd5 g6 24. Nd6 a5 25. c4 a4 26. Ne4 Nxe4 27. Rxe4 Rfc8 28. b3 axb3 29. axb3 Ra8 30. Rb5 Ra2 31. Rxb4 Rxg2 32. h4 Rd7 33. c5 Rdd2 34. Rbc4 Ra2 35. Kb1 Rgb2+ 36. Kc1 Rh2 37. Kb1 Rab2+ 38. Kc1 Rbf2 39. Kb1 Rf1+ 40. Rc1 Rff2 41. Rcc4 Rb2+ 42. Kc1 Ra2 43. Kb1 Rhb2+ 44. Kc1 Rh2 1/2-1/2

[Event "Titled Tuesday 2022.10.04 Late"]
[Site "Chess.com INT"]
[Date "2022.10.04"]
[Round "7"]
[White "Cori Tello, Deysi Estella"]
[Black "Preotu, Razvan"]
[Result "0-1"]
[WhiteElo "2354"]
[BlackElo "2461"]
[WhiteFideId "-1"]
[WhiteFideId "-1"]
[PlyCount "86"]
[GameId "1834363235454976"]
[EventDate "2022.10.04"]
[EventType "swiss (blitz)"]
[EventRounds "11"]
[EventCountry "NET"]
[SourceTitle "EXT 2023"]
[Source "ChessBase"]
[SourceDate "2022.10.05"]
[SourceVersion "1"]
[SourceVersionDate "2022.10.05"]
[SourceQuality "1"]

1. d4 Nf6 2. Nf3 g6 3. g3 Bg7 4. Bg2 d5 5. O-O O-O 6. c4 dxc4 7. Na3 c3 8. bxc3 c5 9. e3 Nc6 10. h3 Bf5 11. Bb2 Qb6 12. Nc4 Qa6 13. Nce5 Be4 14. Nxc6 Bxc6 15. Ne5 Bxg2 16. Kxg2 Ne4 17. Qc2 Nd6 18. Nf3 Qc6 19. Rac1 e5 20. Rfd1 Rad8 21. d5 Qa6 22. c4 e4 23. Nd2 Qxa2 24. Rb1 Rfe8 25. Rdc1 b6 26. h4 h5 27. Nb3 Bxb2 28. Rxb2 Qa6 29. Ra2 Qb7 30. Nd2 Qe7 31. Qc3 Rd7 32. Rca1 Rc8 33. Ra6 Rcc7 34. R1a4 g5 35. hxg5 Qxg5 36. Ra1 h4 37. Rg1 Qg4 38. Qc1 Nf5 39. Kf1 hxg3 40. Rg2 Rd6 41. Qc2 Rh6 42. Nxe4 Rh1+ 43. Rg1 Nxe3+ 0-1

[Event "Titled Tuesday 2022.10.04 Late"]
[Site "Chess.com INT"]
[Date "2022.10.04"]
[Round "8"]
[White "Preotu, Razvan"]
[Black "Martinez Reyes, Pedro Ramon"]
[Result "1-0"]
[WhiteElo "2461"]
[BlackElo "2384"]
[WhiteFideId "-1"]
[WhiteFideId "-1"]
[PlyCount "57"]
[GameId "1834363235905536"]
[EventDate "2022.10.04"]
[EventType "swiss (blitz)"]
[EventRounds "11"]
[EventCountry "NET"]
[SourceTitle "EXT 2023"]
[Source "ChessBase"]
[SourceDate "2022.10.05"]
[SourceVersion "1"]
[SourceVersionDate "2022.10.05"]
[SourceQuality "1"]

1. e4 d5 2. exd5 Qxd5 3. Nc3 Qd8 4. d4 Nf6 5. Nf3 g6 6. g3 b6 7. Bg2 Bb7 8. O-O Bg7 9. Qe2 O-O 10. Bf4 Nbd7 11. Rad1 e6 12. Ne5 Bxg2 13. Kxg2 Nh5 14. Bc1 Qc8 15. Nc6 Re8 16. Qf3 a6 17. Rfe1 Nhf6 18. h4 b5 19. g4 h5 20. g5 Ng4 21. Qe4 f5 22. gxf6 Ndxf6 23. Qxg6 Qb7 24. d5 Nxd5 25. Rxe6 Ne7 26. Qe4 Qb6 27. Nxe7+ Rxe7 28. Qxa8+ Kh7 29. Rxb6 1-0